La libertad en la educación
Đã lưu trong:
| Tác giả chính: | |
|---|---|
| Định dạng: | Sách |
| Ngôn ngữ: | Tiếng Tây Ban Nha |
| Được phát hành: |
Buenos Aires
Kapelusz
1959
|
| Loạt: | Biblioteca de cultura pedagógica
|
| Những chủ đề: | |
| Các nhãn: |
Thêm thẻ
Không có thẻ, Là người đầu tiên thẻ bản ghi này!
|
MARC
| LEADER | 00000nam a2200000 a 4500 | ||
|---|---|---|---|
| 001 | UCY7903 | ||
| 003 | CL-VaPUC | ||
| 008 | 950623e19590000AG |||||||||||||||||spa|d | ||
| 082 | 0 | 4 | |a 370.1 |b BER |2 21 |
| 100 | |a Berge, André |e author |9 338802 | ||
| 245 | 1 | 3 | |a La libertad en la educación |
| 300 | |a 113 p | ||
| 942 | |c BK | ||
| 945 | |d 19950623 00:00:00 |a mfernand | ||
| 260 | |a Buenos Aires |b Kapelusz |c 1959 | ||
| 650 | 0 | |a Filosofía de la educación |9 258384 | |
| 650 | 0 | |a Sociología de la educación |9 260380 | |
| 650 | 0 | |a Niños |9 255605 | |
| 650 | 0 | |a Libre albedrío |9 334583 | |
| 650 | 0 | |a Métodos de enseñanza |9 270413 | |
| 583 | |a last modification |c 19950623 00:00:00 |k Rodrigo Vera | ||
| 490 | 0 | |a Biblioteca de cultura pedagógica | |
| 999 | |c 235199 |d 235197 | ||
| 952 | |0 0 |1 0 |4 0 |6 370_100000000000000_BER_1959 |7 0 |8 P |9 242437 |a BIBEDU |b BIBEDU |c BIBEDU_PB |d 2019-11-18 |i 1520660 |o 370.1 BER 1959 |p 1520660 |r 2024-01-25 |w 2019-11-18 |y BK |k EDU | ||
| 952 | |0 0 |1 0 |4 0 |6 370_100000000000000_BER_1959 |7 0 |8 P |9 242438 |a BIBEDU |b BIBEDU |c BIBEDU_PB |d 2019-11-18 |i 1622595 |o 370.1 BER 1959 |p 1622595 |r 2024-01-25 |w 2019-11-18 |y BK |k EDU | ||
| 952 | |0 0 |1 0 |4 0 |6 370_100000000000000_BER_1959 |7 0 |8 P |9 242439 |a BIBEDU |b BIBEDU |c BIBEDU_PB |d 2019-11-18 |i 162217K |o 370.1 BER 1959 |p 162217K |r 2024-01-25 |w 2019-11-18 |y BK |k EDU | ||